L'Arquitectura romànica a Catalunya / per J. Puig i Cadafalch, A. de Falguera i Sivilla, J. Goday y Casals
Descripción Física:
2 v. : il. ; 27 cm
MARC
| LEADER | 00000nam a2200000Ia 4500 | ||
|---|---|---|---|
| 001 | 972, 973 | ||
| 008 | 160829s1918 xx 000 0 cat d | ||
| 710 | 2 | |a Institut d'Estudis Catalans |9 52284 | |
| 710 | 1 | |a Barcelona (Catalunya : Província). |b Diputació |9 52408 | |
| 952 | |0 0 |1 0 |4 0 |6 B166_B167 |7 1 |9 41764 |a Arxiu |b Arxiu |d 2016-12-01 |l 0 |o B-1-66, B-1-67 |p 972, 973 |r 2016-12-01 00:00:00 |w 2016-12-01 |y ARXIU | ||
| 999 | |c 43654 |d 43654 | ||
| 080 | |a B-1-66, B-1-67 | ||
| 100 | |a Puig i Cadafalch, Josep, |d 1867-1956 |9 20980 | ||
| 245 | |a L'Arquitectura romànica a Catalunya / per J. Puig i Cadafalch, A. de Falguera i Sivilla, J. Goday y Casals | ||
| 260 | |a Barcelona : |b Institut d' Estudis Catalans, |c 1918 | ||
| 300 | |a 2 v. : |b il. ; |c 27 cm | ||
| 650 | 0 | |a Arquitectura romànica |z (Catalunya) |y S. XII/XIII |9 20981 | |
| 700 | |a Falgueras i Sivilla, A. |9 20982 | ||
| 700 | |a Goday i Casals, Josep |9 20983 | ||
| 901 | |a Arxiu | ||
| 942 | |n 1 |2 udc | ||